Trigo castellano y abasto madrileño
保存先:
| 第一著者: | |
|---|---|
| フォーマット: | 図書 |
| 言語: | スペイン語 |
| 出版事項: |
Madrid, España
Junta de Castilla y León
2003
|
| シリーズ: | Estudios de Historia
|
| 主題: | |
| タグ: |
タグ追加
タグなし, このレコードへの初めてのタグを付けませんか!
|
MARC
| LEADER | 00000nam a2200000 a 4500 | ||
|---|---|---|---|
| 001 | UCL6688 | ||
| 003 | CL-VaPUC | ||
| 005 | 20200423180615.0 | ||
| 008 | 040416e20030000SP |||||||||||||||||spa|d | ||
| 999 | |c 308677 |d 308675 | ||
| 020 | |a 8497181212 | ||
| 040 | |c Pontificia Universidad Católica de Valparaíso | ||
| 082 | 0 | 4 | |a 946 BER 2003 |2 21 |
| 100 | 0 | |a Bernardos Sanz, José Ubaldo |e author |9 484351 | |
| 245 | 1 | 0 | |a Trigo castellano y abasto madrileño |
| 246 | 1 | 4 | |a Los arrieros y comerciantes segovianos en la edad moderna |
| 260 | |a Madrid, España |b Junta de Castilla y León |c 2003 | ||
| 300 | |a 229 páginas | ||
| 490 | 0 | |a Estudios de Historia | |
| 583 | |a last modification |c 20040416 00:00:00 |k Rodrigo Vera | ||
| 600 | 0 | 7 | |a TRIGO |2 CL-VaPUC |9 484352 |z ESPAÑA |
| 650 | 7 | |a HISTORIA ECONOMICA Y SOCIAL |2 CL-VaPUC |9 484353 |z ESPAÑA | |
| 651 | 7 | |a MADRID |2 CL-VaPUC |9 315914 |z ESPAÑA | |
| 852 | |a BIBCUR | ||
| 942 | |c BK |2 ddc | ||
| 945 | |d 20040416 00:00:00 |a cmena | ||
| 952 | |0 0 |1 0 |2 ddc |4 0 |6 946_000000000000000_BER_2003 |7 0 |8 A |9 375360 |a BIBHIS |b BIBHIS |d 2019-11-21 |i 396177K |o 946 BER 2003 |p 396177K |r 2025-01-20 |t 1 |w 2019-11-21 |y BK |k HIS | ||